| 000 | 00893cam a22002655a 4500 | ||
|---|---|---|---|
| 001 | 016707513 | ||
| 003 | OSt | ||
| 005 | 20180507151902.0 | ||
| 008 | 140210s2014 enk frb f001 0 eng d | ||
| 020 | _a9780198708773 | ||
| 040 |
_aStDuBDS _beng _cStDuBDS _dUk _dEG-ScBUE |
||
| 082 | 0 | 4 |
_222 _a306.3 _bOXF |
| 245 | 0 | 4 |
_aThe Oxford handbook of the sociology of finance / _cedited by Karin Knorr Cetina and Alex Preda. |
| 246 | 3 | 0 | _aHandbook of the sociology of finance |
| 246 | 3 | 0 | _aSociology of finance |
| 260 |
_aOxford : _bOxford University Press, _c2014. |
||
| 300 |
_axviii, 608 p. : _bill. ; _c25 cm. |
||
| 504 | _aIncludes bibliographical references and index. | ||
| 650 | 7 |
_aEconomics _xSociological aspects. _2BUEsh _922975 |
|
| 651 | _2BUEsh | ||
| 653 |
_bBUSADM _cMay2018 |
||
| 700 | 1 |
_aKnorr-Cetina, K. _q(Karin), _eeditor. |
|
| 700 | 1 |
_aPreda, Alex, _d1960- _eeditor. |
|
| 942 | _2ddc | ||
| 999 |
_c26651 _d26623 |
||